00648cam a22001697a 4500020001500000082001700015100002200032245002400054250001200078260003400090300001300124500004400137520016700181942000700348952010600355999001700461 a979965727X a297.071bMUS1 aMuslih, Mohammad,10aReligious studies : aCet. 1. aYogyakarta :bBelukar,c2003. a192 p. ; a"Karya-karya Steenbrink": p. [171]-188. aIssues of relationship between Islam and the West; includes the thought of Karel A. Steenbrink, a Dutch scholar, on oriental tradition related to Islamic studies. cBK 00104070aHMIbHMIcGENd2023-10-30eDirectorl0o297.071 MUSp11004787r2026-01-16w2026-01-16yBK c23380d23380